| 000 | 00353nam a2200145 a 4500 | ||
|---|---|---|---|
| 001 | 1473 | ||
| 003 | CDMR | ||
| 005 | 20130116135211.0 | ||
| 008 | 130130s1976||||||||||||||||||||||||||||d | ||
| 040 |
_aCDMR _bcat _cCDMR |
||
| 100 | 1 |
_aBouso Mares, Félix _91120 |
|
| 245 | 1 | 0 |
_aHistoria de los Sitios _cFelix Bouso Mares |
| 260 |
_aBarcelona _c1976 |
||
| 942 | _cTSN | ||
| 999 |
_c1473 _d1473 |
||